000 01635nam a2200277 a 4500
001 000005804
005 20250128193628.0
008 090824s1994 dr 001 0 spa d
040 _aDO-SdBNP
_bspa
_cBNPHU
082 _a344.094
_bE77p
100 1 _aEspinal Hernández, Edwin,
_d1971-
_98396
245 1 0 _aPatrimonio cultural y legislación /
_cEdwin Espinal Hernandez.
260 _aSanto Domingo :
_bAsociación Hipólito Herrera Billini :
_bCapel Dominicana,
_c[1994].
300 _a227 p. ;
_c23 cm.
490 1 _aBreviarios
_v3
504 _aIncluye bibliografía y notas al pie de páginas.
504 _aBibliografía: p. 205-212.
505 0 _tEl concepto de cultura --
_tEl concepto de patrimonio cultural --
_tAntecedentes legislativos referentes al patrimonio cultural --
_tMarco legal e institucional actual --
_tAnálisi de la legislación vigente en el aspecto legal e institucional --
_tDerecho comparado: el marco institucional de Colombia relativo al patrimonio cultural frente al dominicano --
_tConclusión: Necesidad de adecuación del cuerpo legal y el aparato institucional referido al patrimonio cultural --
_gBibliografía consultada --
_gApendice:
_tAnteproyecto de ley que crea la Secretaría de Estado de Cultura.
590 _aInventariado,2018/DG
650 4 _aPatrimonio cultural
_xLegislación
_zRepública Dominicana
_916413
650 4 _aCultura
_xLegislación
_zRepública Dominicana
_916414
650 4 _aPolítica cultural
_zRepública Dominicana
_91984
650 4 _aAdministración cultural
_zRepública Dominicana
_916415
830 0 _aBreviarios
_v3
_916416
910 _aValidado. Control de calidad EMS.
999 _c5600
_d5600